| 000 | 00349nam a22001457a 4500 | ||
|---|---|---|---|
| 999 |
_c7847 _d7847 |
||
| 003 | OSt | ||
| 005 | 20200526143101.0 | ||
| 008 | 200526b ||||| |||| 00| 0 eng d | ||
| 020 | _a9784309800035 | ||
| 082 | _a728.5KIS | ||
| 100 | _a Kishikawa, Hiro | ||
| 245 | _aEurope & Asia luxury hotel interior | ||
| 260 | _bKawade Shobo Shin Sha | ||
| 942 | _2ddc | ||